Statistics for Biggest towns of West Dunbartonshire

Click here to take the quiz!

General Stats

  • This quiz has been taken 15 times
  • The average score is 6 of 10

Answer Stats

PopulationTown% Correct
6,610Alexandria
91%
6,030Balloch
91%
25,230Clydebank
91%
20,520Dumbarton
91%
2,340Renton
64%
560Bowling
55%
4,390Old Kilpatrick
55%
9,120Bonhill
45%
6,620Duntocher
36%
4,700Faifley
27%

Score Distribution

Percentile by Number Answered

Percent of People with Each Score

Your Score History

You have not taken this quiz